[Event "2017"]
[Site "Bastia"]
[Date "2017.10.21"]
[Round "7.7"]
[White "Kulkarni, Rakesh"]
[Black "Malakhatko, Vadim"]
[Result "0-1"]
[BlackElo "2511"]
[WhiteElo "2281"]
[LiveChessVersion "1.4.6"]

1. e4 {[%clk 1:19:35]} e6 {[%clk 1:30:49]} 2. d4 {[%clk 1:19:47]} d5
{[%clk 1:31:11]} 3. Bd3 {[%clk 1:19:02]} dxe4 {[%clk 1:30:30]} 4. Bxe4
{[%clk 1:19:28]} Nf6 {[%clk 1:30:52]} 5. Bf3 {[%clk 1:19:43]} c5 {[%clk 1:30:34]}
6. Ne2 {[%clk 1:19:06]} Nc6 {[%clk 1:30:42]} 7. Be3 {[%clk 1:19:16]} e5
{[%clk 1:27:58]} 8. Bxc6+ {[%clk 1:13:21]} bxc6 {[%clk 1:28:14]} 9. dxe5
{[%clk 1:04:55]} Qxd1+ {[%clk 1:28:37]} 10. Kxd1 {[%clk 1:05:22]} Ng4
{[%clk 1:28:59]} 11. Nbc3 {[%clk 1:04:49]} Ba6 {[%clk 1:16:45]} 12. Ne4
{[%clk 1:02:26]} Nxe3+ {[%clk 1:11:18]} 13. fxe3 {[%clk 1:02:43]} O-O-O+
{[%clk 1:08:01]} 14. Ke1 {[%clk 1:02:59]} Re8 {[%clk 1:08:26]} 15. Ng5
{[%clk 0:53:19]} Rxe5 {[%clk 1:01:46]} 16. Nxf7 {[%clk 0:52:30]} Rxe3
{[%clk 1:02:11]} 17. Nxh8 {[%clk 0:52:19]} Rxe2+ {[%clk 1:02:36]} 18. Kd1
{[%clk 0:52:44]} Rf2 {[%clk 1:01:57]} 19. a4 {[%clk 0:33:38]} Bd6
{[%clk 0:54:33]} 20. Ra3 {[%clk 0:26:54]} Rf8 {[%clk 0:54:41]} 21. Rh3
{[%clk 0:25:36]} Rxh8 {[%clk 0:54:56]} 22. Re1 {[%clk 0:25:54]} Bc4
{[%clk 0:50:02]} 23. Rh4 {[%clk 0:22:15]} Bf7 {[%clk 0:49:25]} 24. c3
{[%clk 0:22:06]} Bg6 {[%clk 0:46:29]} 25. b4 {[%clk 0:22:13]} Rd8
{[%clk 0:43:08]} 26. Ke2 {[%clk 0:21:39]} Be7 {[%clk 0:41:26]} 27. Rf4
{[%clk 0:21:11]} Bg5 {[%clk 0:41:34]} 28. Rf2 {[%clk 0:20:38]} Re8+
{[%clk 0:41:22]} 0-1

[Event "2017"]
[Site "Bastia"]
[Date "2017.10.21"]
[Round "7.8"]
[White "Puranik, Abhimanyu"]
[Black "Chakravarthi Reddy, M"]
[Result "1-0"]
[BlackElo "2353"]
[WhiteElo "2509"]
[LiveChessVersion "1.4.6"]

1. e4 {[%clk 1:30:55]} e6 {[%clk 1:30:58]} 2. d4 {[%clk 1:31:22]} d5
{[%clk 1:31:23]} 3. Nd2 {[%clk 1:31:39]} Nf6 {[%clk 1:31:50]} 4. e5
{[%clk 1:32:02]} Nfd7 {[%clk 1:32:16]} 5. Bd3 {[%clk 1:32:27]} c5
{[%clk 1:32:42]} 6. c3 {[%clk 1:32:54]} Nc6 {[%clk 1:33:08]} 7. Ne2
{[%clk 1:33:20]} cxd4 {[%clk 1:32:04]} 8. cxd4 {[%clk 1:33:46]} f6
{[%clk 1:32:30]} 9. exf6 {[%clk 1:34:00]} Qxf6 {[%clk 1:32:56]} 10. Nf3
{[%clk 1:34:23]} h6 {[%clk 1:33:22]} 11. O-O {[%clk 1:34:24]} Bd6
{[%clk 1:33:49]} 12. Be3 {[%clk 1:34:37]} O-O {[%clk 1:34:14]} 13. Rc1
{[%clk 1:34:35]} Rf7 {[%clk 1:29:59]} 14. Bb5 {[%clk 1:33:35]} Ndb8
{[%clk 1:30:26]} 15. Re1 {[%clk 1:30:15]} Bd7 {[%clk 1:30:40]} 16. Bd3
{[%clk 1:09:31]} Be8 {[%clk 1:30:09]} 17. Bb1 {[%clk 1:01:58]} Nd7
{[%clk 1:30:28]} 18. Ng3 {[%clk 1:01:21]} Re7 {[%clk 1:27:23]} 19. Qb3
{[%clk 0:49:34]} Nf8 {[%clk 1:21:16]} 20. Bd3 {[%clk 0:49:15]} Rc8
{[%clk 1:14:03]} 21. a3 {[%clk 0:45:51]} Rec7 {[%clk 1:05:17]} 22. Qd1
{[%clk 0:41:41]} Bf4 {[%clk 1:05:22]} 23. Bxf4 {[%clk 0:40:36]} Qxf4
{[%clk 1:05:32]} 24. Rc3 {[%clk 0:40:35]} Na5 {[%clk 0:58:41]} 25. Rxc7
{[%clk 0:36:23]} Rxc7 {[%clk 0:59:04]} 26. Ne2 {[%clk 0:35:01]} Qf6
{[%clk 0:57:54]} 27. Qd2 {[%clk 0:35:02]} Nc6 {[%clk 0:36:25]} 28. Qf4
{[%clk 0:33:25]} Rc8 {[%clk 0:31:28]} 29. Qe3 {[%clk 0:22:00]} Bg6
{[%clk 0:29:55]} 30. Bb5 {[%clk 0:21:15]} Be4 {[%clk 0:24:31]} 31. Nd2
{[%clk 0:16:08]} Bf5 {[%clk 0:24:59]} 32. h3 {[%clk 0:12:02]} Na5
{[%clk 0:22:11]} 33. b4 {[%clk 0:07:26]} Nc6 {[%clk 0:19:14]} 34. Nf3
{[%clk 0:06:34]} a6 {[%clk 0:14:20]} 35. Bxc6 {[%clk 0:06:07]} Rxc6
{[%clk 0:14:34]} 36. Ne5 {[%clk 0:06:04]} Rc7 {[%clk 0:10:57]} 37. Rc1
{[%clk 0:05:21]} Rxc1+ {[%clk 0:10:11]} 38. Qxc1 {[%clk 0:05:46]} Ng6
{[%clk 0:10:29]} 39. Qc7 {[%clk 0:03:58]} Nxe5 {[%clk 0:04:47]} 40. Qxe5
{[%clk 0:04:14]} Kf7 {[%clk 0:04:46]} 41. Kh2 {[%clk 0:03:32]} Qxe5+
{[%clk 0:03:42]} 42. dxe5 {[%clk 0:03:58]} Ke7 {[%clk 0:03:19]} 43. Nd4
{[%clk 0:04:04]} Bg6 {[%clk 0:03:26]} 44. a4 {[%clk 0:03:49]} Be8
{[%clk 0:03:00]} 45. a5 {[%clk 0:04:15]} Kf7 {[%clk 0:03:23]} 46. g4
{[%clk 0:03:49]} Ba4 {[%clk 0:03:10]} 47. Kg3 {[%clk 0:03:49]} g6
{[%clk 0:03:30]} 48. Kf4 {[%clk 0:03:20]} Ke7 {[%clk 0:03:50]} 49. Ke3
{[%clk 0:03:19]} Kd7 {[%clk 0:03:07]} 50. f4 {[%clk 0:03:15]} Bd1
{[%clk 0:02:35]} 51. Kd2 {[%clk 0:02:14]} Ba4 {[%clk 0:03:02]} 52. Ke3
{[%clk 0:02:13]} Bd1 {[%clk 0:03:29]} 53. Kf2 {[%clk 0:02:04]} Ke7
{[%clk 0:03:52]} 54. Kg3 {[%clk 0:02:31]} Ba4 {[%clk 0:04:05]} 55. h4
{[%clk 0:01:51]} Bd7 {[%clk 0:03:53]} 56. Kf3 {[%clk 0:01:52]} h5
{[%clk 0:03:20]} 57. gxh5 {[%clk 0:01:32]} gxh5 {[%clk 0:03:48]} 58. Ke3
{[%clk 0:01:54]} Kf7 {[%clk 0:04:08]} 59. Ne2 {[%clk 0:00:49]} Ke7
{[%clk 0:03:11]} 60. Kd4 {[%clk 0:01:06]} Be8 {[%clk 0:02:30]} 61. Kc5
{[%clk 0:00:53]} Kd7 {[%clk 0:02:27]} 62. Kb6 {[%clk 0:01:16]} Kc8
{[%clk 0:02:50]} 63. Nd4 {[%clk 0:01:42]} 1-0

[Event "2017"]
[Site "Bastia"]
[Date "2017.10.21"]
[Round "8.1"]
[White "Moussard, Jules"]
[Black "Onischuk, Vladimir"]
[Result "0-1"]
[BlackElo "2623"]
[WhiteElo "2567"]
[LiveChessVersion "1.4.6"]

1. Nf3 {[%clk 1:30:57]} g6 {[%clk 1:30:23]} 2. g3 {[%clk 1:30:47]} Bg7
{[%clk 1:30:45]} 3. d4 {[%clk 1:31:12]} Nf6 {[%clk 1:30:53]} 4. Bg2
{[%clk 1:31:32]} O-O {[%clk 1:31:16]} 5. O-O {[%clk 1:31:58]} d6 {[%clk 1:31:42]}
6. b3 {[%clk 1:30:14]} e5 {[%clk 1:27:22]} 7. dxe5 {[%clk 1:30:37]} dxe5
{[%clk 1:27:48]} 8. Ba3 {[%clk 1:25:24]} Re8 {[%clk 1:27:51]} 9. Qxd8
{[%clk 1:23:52]} Rxd8 {[%clk 1:28:17]} 10. Nc3 {[%clk 1:23:22]} Nc6
{[%clk 1:28:05]} 11. Nb5 {[%clk 1:15:43]} e4 {[%clk 1:21:44]} 12. Ng5
{[%clk 1:14:05]} Ne8 {[%clk 1:20:19]} 13. Rad1 {[%clk 1:02:33]} Rxd1
{[%clk 1:17:18]} 14. Rxd1 {[%clk 1:00:32]} a6 {[%clk 1:17:43]} 15. Nxc7
{[%clk 1:00:56]} Nxc7 {[%clk 1:18:07]} 16. Nxe4 {[%clk 1:01:24]} Nb5
{[%clk 1:16:37]} 17. Bc5 {[%clk 1:01:24]} Bf5 {[%clk 1:15:35]} 18. a4
{[%clk 1:00:16]} Nc3 {[%clk 1:03:15]} 19. Nxc3 {[%clk 1:00:39]} Bxc3
{[%clk 1:03:41]} 20. e4 {[%clk 0:57:36]} Be6 {[%clk 1:03:56]} 21. Rd3
{[%clk 0:58:05]} Rd8 {[%clk 1:02:11]} 22. Rxd8+ {[%clk 0:58:07]} Nxd8
{[%clk 1:02:36]} 23. Kf1 {[%clk 0:58:21]} Nc6 {[%clk 1:00:48]} 24. Ke2
{[%clk 0:58:42]} f6 {[%clk 1:00:20]} 25. Kd3 {[%clk 0:57:06]} Ba5
{[%clk 1:00:41]} 26. c4 {[%clk 0:56:56]} Kf7 {[%clk 1:00:10]} 27. f4
{[%clk 0:56:43]} Ke8 {[%clk 0:58:50]} 28. h3 {[%clk 0:56:15]} h5 {[%clk 0:58:37]}
29. Bf2 {[%clk 0:56:08]} Kd7 {[%clk 0:58:16]} 30. Kc2 {[%clk 0:55:54]} Bb4
{[%clk 0:57:49]} 31. Kd3 {[%clk 0:56:07]} a5 {[%clk 0:57:55]} 32. Kc2
{[%clk 0:56:31]} Kd6 {[%clk 0:58:11]} 33. Kd3 {[%clk 0:56:39]} Bd7
{[%clk 0:57:17]} 34. Kc2 {[%clk 0:56:19]} Bc5 {[%clk 0:57:03]} 35. Be1
{[%clk 0:56:48]} Nd4+ {[%clk 0:56:18]} 36. Kb2 {[%clk 0:57:18]} b6
{[%clk 0:56:23]} 37. Bc3 {[%clk 0:57:17]} Ke7 {[%clk 0:56:21]} 38. Bf1
{[%clk 0:57:23]} f5 {[%clk 0:54:30]} 39. e5 {[%clk 0:57:28]} Ne6 {[%clk 0:54:31]}
0-1

[Event "2017"]
[Site "Bastia"]
[Date "2017.10.21"]
[Round "8.3"]
[White "Dreev, Aleksey"]
[Black "Puranik, Abhimanyu"]
[Result "0-1"]
[BlackElo "2509"]
[WhiteElo "2652"]
[LiveChessVersion "1.4.6"]

1. d4 {[%clk 1:30:49]} Nf6 {[%clk 1:30:45]} 2. Nf3 {[%clk 1:31:12]} g6
{[%clk 1:31:10]} 3. g3 {[%clk 1:31:36]} Bg7 {[%clk 1:31:36]} 4. Bg2
{[%clk 1:32:00]} d5 {[%clk 1:31:59]} 5. O-O {[%clk 1:31:55]} O-O {[%clk 1:32:25]}
6. c4 {[%clk 1:32:15]} dxc4 {[%clk 1:32:38]} 7. Na3 {[%clk 1:32:37]} c3
{[%clk 1:33:04]} 8. bxc3 {[%clk 1:33:01]} c5 {[%clk 1:33:32]} 9. Re1
{[%clk 1:33:15]} Nc6 {[%clk 1:33:50]} 10. Bb2 {[%clk 1:33:22]} Nd5
{[%clk 1:34:02]} 11. Qc2 {[%clk 1:32:56]} Nb6 {[%clk 1:21:18]} 12. Rad1
{[%clk 1:31:55]} Bf5 {[%clk 1:19:25]} 13. e4 {[%clk 1:30:42]} Bg4
{[%clk 1:19:45]} 14. h3 {[%clk 1:29:08]} Bxf3 {[%clk 1:19:54]} 15. Bxf3
{[%clk 1:29:32]} Qc8 {[%clk 1:09:12]} 16. Bg2 {[%clk 1:19:55]} e6
{[%clk 1:03:46]} 17. dxc5 {[%clk 1:07:42]} Nd7 {[%clk 1:04:07]} 18. Nc4
{[%clk 1:07:53]} Nce5 {[%clk 0:54:50]} 19. Nxe5 {[%clk 0:57:45]} Bxe5
{[%clk 0:43:30]} 20. f4 {[%clk 0:54:05]} Bg7 {[%clk 0:43:51]} 21. Ba3
{[%clk 0:52:14]} Nxc5 {[%clk 0:42:42]} 22. Qf2 {[%clk 0:50:20]} b6
{[%clk 0:42:38]} 23. e5 {[%clk 0:50:06]} Rb8 {[%clk 0:43:02]} 24. Rd6
{[%clk 0:45:34]} Rd8 {[%clk 0:42:34]} 25. Bxc5 {[%clk 0:38:17]} bxc5
{[%clk 0:41:52]} 26. Rxd8+ {[%clk 0:28:11]} Qxd8 {[%clk 0:42:02]} 27. c4
{[%clk 0:27:56]} Bf8 {[%clk 0:39:28]} 28. Be4 {[%clk 0:21:59]} Qa5
{[%clk 0:36:09]} 29. Rc1 {[%clk 0:15:21]} Rd8 {[%clk 0:34:30]} 30. Rc2
{[%clk 0:15:40]} Rd4 {[%clk 0:34:11]} 31. Qe2 {[%clk 0:14:30]} Qb4
{[%clk 0:32:45]} 32. Kg2 {[%clk 0:14:33]} Be7 {[%clk 0:32:23]} 33. h4
{[%clk 0:14:32]} h5 {[%clk 0:32:09]} 34. Bd3 {[%clk 0:10:43]} Qb7+
{[%clk 0:24:27]} 35. Kf2 {[%clk 0:11:11]} Qd7 {[%clk 0:24:18]} 36. Be4
{[%clk 0:10:27]} Bd8 {[%clk 0:23:59]} 37. Bf3 {[%clk 0:07:16]} Ba5
{[%clk 0:22:34]} 38. Kg2 {[%clk 0:07:44]} Bb4 {[%clk 0:20:47]} 39. Kh3
{[%clk 0:05:57]} a5 {[%clk 0:18:42]} 40. Kg2 {[%clk 0:03:41]} a4 {[%clk 0:19:06]}
41. Qe3 {[%clk 0:03:50]} a3 {[%clk 0:18:37]} 42. Be2 {[%clk 0:03:34]} Qa4
{[%clk 0:17:46]} 43. Bd3 Qa8+ {[%clk 0:17:18]} 44. Kh2 {[%clk 0:04:17]} Qc6
{[%clk 0:16:41]} 45. Kg1 {[%clk 0:03:57]} Qd7 {[%clk 0:17:02]} 46. Be2
{[%clk 0:03:46]} Rd1+ {[%clk 0:17:21]} 47. Kg2 {[%clk 0:04:14]} Rd4
{[%clk 0:11:58]} 48. Kf2 {[%clk 0:02:52]} Qc6 {[%clk 0:11:21]} 49. Qf3
{[%clk 0:02:49]} Qd7 {[%clk 0:10:59]} 50. Qe3 {[%clk 0:02:45]} Kg7
{[%clk 0:11:06]} 51. Kg2 {[%clk 0:02:47]} Qc6+ {[%clk 0:11:03]} 52. Qf3
{[%clk 0:03:05]} Qa4 {[%clk 0:11:03]} 53. Bd3 {[%clk 0:03:28]} Qd7
{[%clk 0:11:30]} 54. Be2 {[%clk 0:03:13]} Rd2 {[%clk 0:10:42]} 55. Qe4
{[%clk 0:03:42]} Qd8 {[%clk 0:10:47]} 56. Kf1 {[%clk 0:03:37]} Rxc2
{[%clk 0:10:07]} 57. Qxc2 {[%clk 0:04:06]} Qd4 {[%clk 0:10:32]} 58. Kg2
{[%clk 0:02:55]} Qe3 {[%clk 0:10:11]} 59. Qd3 {[%clk 0:01:45]} Qc1
{[%clk 0:09:37]} 60. Qd8 {[%clk 0:02:14]} Qc2 {[%clk 0:08:20]} 61. Kf3
{[%clk 0:01:48]} Be1 {[%clk 0:07:33]} 62. Qf6+ {[%clk 0:01:36]} Kg8
{[%clk 0:07:57]} 63. Qd8+ {[%clk 0:02:04]} Kh7 {[%clk 0:07:32]} 64. Qd1
{[%clk 0:00:33]} Qxa2 {[%clk 0:06:37]} 65. Qxe1 {[%clk 0:00:32]} Qb3+
{[%clk 0:06:48]} 66. Kf2 {[%clk 0:00:42]} a2 {[%clk 0:06:59]} 67. Qa5
{[%clk 0:00:43]} Qb1 {[%clk 0:06:19]} 0-1

[Event "2017"]
[Site "Bastia"]
[Date "2017.10.21"]
[Round "8.4"]
[White "Zubov, Alexander"]
[Black "Dimitrov, Radoslav"]
[Result "0-1"]
[BlackElo "2450"]
[WhiteElo "2623"]
[LiveChessVersion "1.4.6"]

1. Nf3 {[%clk 1:30:57]} d5 {[%clk 1:25:55]} 2. e3 {[%clk 1:30:22]} c5
{[%clk 1:21:47]} 3. b3 {[%clk 1:30:34]} a6 {[%clk 1:20:08]} 4. Ba3
{[%clk 1:22:08]} e6 {[%clk 1:18:18]} 5. c4 {[%clk 1:21:56]} d4 {[%clk 1:15:14]}
6. exd4 {[%clk 1:21:19]} cxd4 {[%clk 1:15:42]} 7. Bxf8 {[%clk 1:21:38]} Kxf8
{[%clk 1:16:08]} 8. g3 {[%clk 1:18:31]} Nc6 {[%clk 1:14:11]} 9. Bg2
{[%clk 1:18:56]} g6 {[%clk 1:09:34]} 10. O-O {[%clk 1:19:10]} Kg7
{[%clk 1:10:00]} 11. d3 {[%clk 1:10:33]} Nf6 {[%clk 1:09:18]} 12. Nbd2
{[%clk 1:10:25]} e5 {[%clk 1:03:04]} 13. b4 {[%clk 1:07:01]} Bf5 {[%clk 1:00:59]}
14. Qb1 {[%clk 0:54:09]} Re8 {[%clk 0:53:23]} 15. Re1 {[%clk 0:47:29]} Qc7
{[%clk 0:50:02]} 16. Ng5 {[%clk 0:46:10]} Rad8 {[%clk 0:36:51]} 17. Nge4
{[%clk 0:41:23]} Nxe4 {[%clk 0:36:58]} 18. Nxe4 {[%clk 0:41:51]} Bxe4
{[%clk 0:36:50]} 19. Bxe4 {[%clk 0:42:12]} f5 {[%clk 0:36:03]} 20. Bd5
{[%clk 0:42:37]} Ne7 {[%clk 0:27:04]} 21. Bg2 {[%clk 0:42:38]} Ng8
{[%clk 0:25:51]} 22. b5 {[%clk 0:40:39]} Nf6 {[%clk 0:24:35]} 23. bxa6
{[%clk 0:37:31]} bxa6 {[%clk 0:25:04]} 24. Qb7 {[%clk 0:37:41]} Qxb7
{[%clk 0:25:26]} 25. Bxb7 {[%clk 0:38:09]} Nd7 {[%clk 0:23:22]} 26. Bxa6
{[%clk 0:29:02]} Nc5 {[%clk 0:23:45]} 27. Bb5 {[%clk 0:29:28]} Re7
{[%clk 0:23:55]} 28. Red1 {[%clk 0:29:33]} Ra7 {[%clk 0:20:23]} 29. a4
{[%clk 0:29:10]} e4 {[%clk 0:19:14]} 30. dxe4 {[%clk 0:29:23]} fxe4
{[%clk 0:19:42]} 31. a5 {[%clk 0:29:04]} d3 {[%clk 0:18:02]} 32. Ra3
{[%clk 0:23:54]} Kf6 {[%clk 0:17:55]} 33. Re1 {[%clk 0:24:14]} Ke5
{[%clk 0:17:34]} 34. f3 {[%clk 0:24:30]} d2 {[%clk 0:16:51]} 35. Rd1
{[%clk 0:24:54]} Rd3 {[%clk 0:17:08]} 36. Ra2 {[%clk 0:21:43]} e3
{[%clk 0:17:09]} 37. Kf1 {[%clk 0:22:04]} Rc3 {[%clk 0:16:22]} 38. a6
{[%clk 0:21:22]} Kd4 {[%clk 0:15:19]} 39. Ke2 {[%clk 0:21:11]} Nb3
{[%clk 0:15:15]} 0-1

[Event "2017"]
[Site "Bastia"]
[Date "2017.10.21"]
[Round "8.5"]
[White "Antipov, Mikhail Al."]
[Black "Jumabayev, Rinat"]
[Result "1/2-1/2"]
[BlackElo "2603"]
[WhiteElo "2582"]
[LiveChessVersion "1.4.6"]

1. e4 {[%clk 1:30:59]} e5 {[%clk 1:30:41]} 2. Nf3 {[%clk 1:31:23]} Nc6
{[%clk 1:31:09]} 3. Bb5 {[%clk 1:31:45]} a6 {[%clk 1:31:26]} 4. Ba4
{[%clk 1:32:10]} Nf6 {[%clk 1:31:48]} 5. O-O {[%clk 1:32:33]} Be7
{[%clk 1:32:11]} 6. Re1 {[%clk 1:32:54]} b5 {[%clk 1:32:36]} 7. Bb3
{[%clk 1:33:19]} d6 {[%clk 1:33:02]} 8. c3 {[%clk 1:33:35]} O-O {[%clk 1:33:27]}
9. h3 {[%clk 1:34:01]} Nb8 {[%clk 1:33:46]} 10. d4 {[%clk 1:34:07]} Nbd7
{[%clk 1:34:11]} 11. Nbd2 {[%clk 1:34:24]} Bb7 {[%clk 1:34:35]} 12. Bc2
{[%clk 1:34:43]} Re8 {[%clk 1:35:00]} 13. Nf1 {[%clk 1:34:32]} Bf8
{[%clk 1:35:24]} 14. Ng3 {[%clk 1:34:41]} g6 {[%clk 1:35:49]} 15. Bd2
{[%clk 1:27:45]} Bg7 {[%clk 1:23:17]} 16. Qc1 {[%clk 1:27:26]} d5
{[%clk 1:21:09]} 17. Nxe5 {[%clk 1:26:07]} Nxe5 {[%clk 1:19:26]} 18. dxe5
{[%clk 1:26:31]} Nxe4 {[%clk 1:19:50]} 19. Nxe4 {[%clk 1:21:06]} dxe4
{[%clk 1:20:04]} 20. Bxe4 {[%clk 1:21:34]} Bxe4 21. Rxe4 {[%clk 1:21:58]} Qd5
{[%clk 1:16:44]} 22. Qc2 {[%clk 1:21:01]} Rxe5 {[%clk 1:16:59]} 23. Rae1
{[%clk 1:20:17]} Rae8 {[%clk 1:17:00]} 24. Rxe5 {[%clk 1:20:31]} Rxe5
{[%clk 1:17:23]} 25. Rxe5 {[%clk 1:20:56]} Bxe5 {[%clk 1:17:07]} 26. b3
{[%clk 1:21:02]} c6 {[%clk 1:15:11]} 27. Be3 {[%clk 1:21:00]} h5 {[%clk 1:15:17]}
28. c4 {[%clk 1:20:39]} Qd7 {[%clk 1:15:24]} 29. Kf1 {[%clk 1:18:58]} Bf6
{[%clk 1:14:20]} 30. Ke2 {[%clk 1:19:10]} Kg7 {[%clk 1:13:21]} 31. Qe4
{[%clk 1:19:07]} Qd6 {[%clk 1:12:07]} 32. g4 {[%clk 1:18:42]} hxg4
{[%clk 1:12:33]} 33. hxg4 {[%clk 1:19:08]} Qe6 {[%clk 1:06:54]} 34. Qxe6
{[%clk 1:19:29]} fxe6 {[%clk 1:07:20]} 35. Kd3 {[%clk 1:19:52]} Kf7
{[%clk 1:07:46]} 36. Ke4 {[%clk 1:19:57]} Bd8 {[%clk 1:04:37]} 37. f3
{[%clk 1:20:02]} Bf6 {[%clk 1:04:47]} 38. Bf4 {[%clk 1:20:25]} Bd8
{[%clk 1:04:12]} 39. Be3 {[%clk 1:20:50]} Bf6 {[%clk 1:04:37]} 40. Bf4
{[%clk 1:21:16]} Bd8 {[%clk 1:05:03]} 41. Be3 1/2-1/2

[Event "2017"]
[Site "Bastia"]
[Date "2017.10.21"]
[Round "8.6"]
[White "Malakhatko, Vadim"]
[Black "Huschenbeth, Niclas"]
[Result "1/2-1/2"]
[BlackElo "2596"]
[WhiteElo "2511"]
[LiveChessVersion "1.4.6"]

1. d4 {[%clk 1:30:56]} d5 {[%clk 1:30:55]} 2. c4 {[%clk 1:31:18]} dxc4
{[%clk 1:31:23]} 3. e3 {[%clk 1:31:00]} e5 {[%clk 1:31:47]} 4. Bxc4
{[%clk 1:31:23]} exd4 {[%clk 1:32:14]} 5. exd4 {[%clk 1:31:46]} Bd6
{[%clk 1:32:40]} 6. Nf3 {[%clk 1:32:07]} Nf6 {[%clk 1:33:04]} 7. Qe2+
{[%clk 1:32:29]} Qe7 {[%clk 1:33:23]} 8. Qxe7+ {[%clk 1:32:50]} Bxe7
{[%clk 1:33:49]} 9. Nc3 {[%clk 1:32:48]} O-O {[%clk 1:34:03]} 10. O-O
{[%clk 1:33:02]} Nc6 {[%clk 1:34:18]} 11. Nb5 {[%clk 1:27:23]} Bf5
{[%clk 1:34:36]} 12. Nxc7 {[%clk 1:03:26]} Rad8 {[%clk 1:21:17]} 13. Nb5
{[%clk 0:56:12]} a6 {[%clk 1:20:29]} 14. Nc3 {[%clk 0:56:38]} Nxd4
{[%clk 1:19:23]} 15. Nxd4 {[%clk 0:57:03]} Rxd4 {[%clk 1:19:50]} 16. Bb3
{[%clk 0:56:49]} b5 {[%clk 0:50:40]} 17. Be3 {[%clk 0:56:47]} Rd7
{[%clk 0:50:40]} 18. Rfd1 {[%clk 0:54:00]} Rfd8 {[%clk 0:49:32]} 19. Rxd7
{[%clk 0:53:33]} Rxd7 {[%clk 0:49:31]} 20. Rd1 {[%clk 0:53:22]} Rxd1+
{[%clk 0:41:24]} 21. Bxd1 {[%clk 0:51:04]} Be6 {[%clk 0:40:11]} 22. a3
{[%clk 0:43:40]} Nd5 {[%clk 0:39:36]} 23. Nxd5 {[%clk 0:44:03]} Bxd5
{[%clk 0:40:03]} 24. Bd4 {[%clk 0:44:14]} f6 {[%clk 0:38:21]} 25. Bg4
{[%clk 0:33:20]} Kf7 {[%clk 0:36:09]} 26. Bc8 {[%clk 0:33:42]} a5
{[%clk 0:36:14]} 27. Bd7 {[%clk 0:34:06]} Bc4 {[%clk 0:35:18]} 28. f4
{[%clk 0:33:49]} Bd6 {[%clk 0:31:30]} 29. g3 {[%clk 0:29:36]} g6 {[%clk 0:25:14]}
30. Kf2 {[%clk 0:29:30]} f5 {[%clk 0:25:13]} 31. Ke3 {[%clk 0:28:49]} a4
{[%clk 0:22:05]} 32. Bc6 {[%clk 0:29:12]} Be7 {[%clk 0:19:24]} 33. Bd7
{[%clk 0:29:25]} Bd6 {[%clk 0:19:32]} 34. Bc6 {[%clk 0:29:50]} Be7
{[%clk 0:19:57]} 35. Bd7 {[%clk 0:30:15]} 1/2-1/2

[Event "2017"]
[Site "Bastia"]
[Date "2017.10.21"]
[Round "8.7"]
[White "Lagarde, Maxime"]
[Black "Karthik Venkataraman"]
[Result "1/2-1/2"]
[BlackElo "2469"]
[WhiteElo "2594"]
[LiveChessVersion "1.4.6"]

1. e4 {[%clk 1:30:59]} c5 {[%clk 1:30:49]} 2. Nf3 {[%clk 1:31:25]} d6
{[%clk 1:31:16]} 3. d4 {[%clk 1:31:32]} cxd4 {[%clk 1:31:40]} 4. Qxd4
{[%clk 1:32:00]} Bd7 {[%clk 1:31:31]} 5. Bc4 {[%clk 1:32:09]} Nc6
{[%clk 1:27:59]} 6. Qd3 {[%clk 1:32:33]} Nf6 {[%clk 1:22:17]} 7. h3
{[%clk 1:31:30]} a6 {[%clk 1:20:18]} 8. Bb3 {[%clk 1:27:53]} e6 {[%clk 1:17:10]}
9. Nc3 {[%clk 1:23:16]} Be7 {[%clk 1:14:13]} 10. Bg5 {[%clk 1:15:46]} Qc7
{[%clk 1:06:26]} 11. O-O-O {[%clk 0:58:53]} Ne5 {[%clk 0:55:59]} 12. Nxe5
{[%clk 0:54:03]} dxe5 {[%clk 0:56:16]} 13. f4 {[%clk 0:53:12]} Bc6
{[%clk 0:53:18]} 14. f5 {[%clk 0:40:54]} exf5 {[%clk 0:43:10]} 15. Qc4
{[%clk 0:39:26]} O-O {[%clk 0:41:57]} 16. Bxf6 {[%clk 0:38:58]} Bxf6
{[%clk 0:42:22]} 17. Nd5 {[%clk 0:38:58]} Qd8 {[%clk 0:34:44]} 18. exf5
{[%clk 0:38:28]} Rc8 {[%clk 0:34:04]} 19. Qe4 {[%clk 0:38:07]} b5
{[%clk 0:33:55]} 20. Kb1 {[%clk 0:36:32]} a5 {[%clk 0:31:34]} 21. a3
{[%clk 0:36:03]} Bxd5 {[%clk 0:28:20]} 22. Bxd5 {[%clk 0:30:58]} Qe7
{[%clk 0:28:39]} 23. h4 {[%clk 0:27:39]} h6 {[%clk 0:28:57]} 24. g3
{[%clk 0:26:35]} Rfd8 {[%clk 0:29:13]} 25. Rd2 {[%clk 0:22:15]} Kf8
{[%clk 0:28:17]} 26. Rhd1 {[%clk 0:21:09]} Rd6 {[%clk 0:27:29]} 27. Qe2
{[%clk 0:18:43]} b4 {[%clk 0:25:43]} 28. axb4 {[%clk 0:16:31]} axb4
{[%clk 0:26:09]} 29. Qe4 {[%clk 0:15:56]} Rd7 {[%clk 0:21:40]} 30. Rd3
{[%clk 0:12:12]} Qc5 {[%clk 0:16:11]} 31. Bb3 {[%clk 0:11:35]} Rxd3
{[%clk 0:15:22]} 32. cxd3 {[%clk 0:11:00]} Rc7 {[%clk 0:14:27]} 33. Re1
{[%clk 0:07:35]} Qd4 {[%clk 0:13:13]} 34. Qa8+ {[%clk 0:07:05]} Ke7
{[%clk 0:07:55]} 35. Bc4 {[%clk 0:06:08]} Qf2 {[%clk 0:07:59]} 36. Rc1
{[%clk 0:02:54]} Qxf5 {[%clk 0:08:11]} 37. g4 {[%clk 0:02:14]} Qd7
{[%clk 0:04:51]} 38. Qg8 {[%clk 0:01:42]} Qe8 {[%clk 0:05:11]} 39. Qh7
{[%clk 0:01:08]} Ra7 {[%clk 0:02:50]} 40. g5 {[%clk 0:00:39]} hxg5
{[%clk 0:03:13]} 41. hxg5 {[%clk 0:00:44]} Bxg5 {[%clk 0:03:38]} 42. Qxg7
{[%clk 0:00:39]} Bxc1 {[%clk 0:01:58]} 43. Qxe5+ {[%clk 0:01:04]} Kf8
{[%clk 0:02:27]} 44. Qh8+ {[%clk 0:01:07]} Ke7 {[%clk 0:02:52]} 45. Qe5+
{[%clk 0:00:56]} Kf8 {[%clk 0:03:17]} 46. Qh8+ {[%clk 0:01:21]} Ke7
{[%clk 0:03:44]} 47. Qe5+ 1/2-1/2

[Event "2017"]
[Site "Bastia"]
[Date "2017.10.21"]
[Round "8.8"]
[White "Fier, Alexandr"]
[Black "Xu, Yi"]
[Result "1-0"]
[BlackElo "2439"]
[WhiteElo "2573"]
[LiveChessVersion "1.4.6"]

1. d4 {[%clk 1:30:58]} Nf6 {[%clk 1:30:56]} 2. c4 {[%clk 1:31:25]} e6
{[%clk 1:31:22]} 3. Nf3 {[%clk 1:31:51]} d5 {[%clk 1:31:47]} 4. Nc3
{[%clk 1:32:19]} Bb4 {[%clk 1:32:11]} 5. e3 {[%clk 1:32:46]} O-O {[%clk 1:32:26]}
6. Bd3 {[%clk 1:33:13]} c5 {[%clk 1:32:45]} 7. O-O {[%clk 1:33:40]} cxd4
{[%clk 1:33:09]} 8. exd4 {[%clk 1:34:06]} dxc4 {[%clk 1:33:33]} 9. Bxc4
{[%clk 1:34:32]} b6 {[%clk 1:33:58]} 10. Bg5 {[%clk 1:34:59]} Bb7
{[%clk 1:34:07]} 11. Re1 {[%clk 1:35:25]} Nbd7 {[%clk 1:32:03]} 12. Rc1
{[%clk 1:35:48]} Rc8 {[%clk 1:29:33]} 13. Qb3 {[%clk 1:32:45]} Bxc3
{[%clk 1:28:33]} 14. Rxc3 {[%clk 1:31:51]} Qe8 {[%clk 1:23:51]} 15. Nd2
{[%clk 1:29:19]} h6 {[%clk 1:15:17]} 16. Bxh6 {[%clk 1:23:38]} gxh6
{[%clk 1:12:17]} 17. Rh3 {[%clk 1:15:05]} h5 {[%clk 1:01:40]} 18. Qg3+
{[%clk 1:08:39]} Kh8 {[%clk 1:00:29]} 19. Re5 {[%clk 1:09:06]} Nxe5
{[%clk 0:57:43]} 20. Qxe5 {[%clk 1:09:32]} Rg8 {[%clk 0:57:38]} 21. Qxf6+
{[%clk 1:09:56]} Rg7 {[%clk 0:58:00]} 22. Rxh5+ {[%clk 1:09:04]} Kg8
{[%clk 0:58:28]} 23. g3 {[%clk 0:51:32]} Qc6 {[%clk 0:51:04]} 24. f3
{[%clk 0:51:52]} Qd6 {[%clk 0:50:04]} 25. d5 {[%clk 0:49:12]} Qc5+
{[%clk 0:41:45]} 26. Kg2 {[%clk 0:49:35]} exd5 {[%clk 0:34:18]} 27. Qh6
{[%clk 0:45:48]} Kf8 {[%clk 0:30:33]} 28. Ne4 {[%clk 0:36:35]} Qb4
{[%clk 0:28:52]} 29. Qf6 {[%clk 0:36:11]} dxc4 {[%clk 0:27:13]} 30. Nd6
{[%clk 0:34:41]} Bd5 {[%clk 0:19:30]} 31. Rxd5 {[%clk 0:33:31]} Qe1
{[%clk 0:14:24]} 32. Rh5 {[%clk 0:28:40]} Kg8 {[%clk 0:09:30]} 33. Nf5
{[%clk 0:28:31]} Qe2+ {[%clk 0:08:53]} 34. Kh3 {[%clk 0:28:56]} 1-0